000 00604 a2200229 4500
999 _c114318
_d114318
003 BJBSDDR
005 20230411090648.0
007 ta
008 240620b2012 enk||||| |||| 00| 0 eng d
020 _a9780674975408
040 _bspa
_cBJBSDDR
041 _aeng
050 4 _aHB 171
_bS339a 2012
100 1 _aSchlefer, Jonathan,
_d1949-
245 1 4 _aThe Assumptions economists make /
_cJonathan Schlefer
260 _aLondon:
_bHarvard University Press,
_c2012
300 _a356 p.;
_c23 cm
650 4 _92379
_aEconomistas
650 4 _9761
_aEconomía
942 _2lcc
_cBK
946 _idpf